[Event "Bordeaux op 2nd"]
[Site "Bordeaux"]
[Date "2014.10.30"]
[Round "6"]
[White "Brioulet, Alexandre"]
[Black "Goulesque, Camille"]
[Result "0-1"]
[WhiteElo "1627"]
[BlackElo "1892"]
[PlyCount "120"]
[EventDate "2014.10.26"]
[EventType "tourn"]
[EventRounds "9"]
[EventCountry "FRA"]
[SourceTitle "EXT 2016"]
[Source "ChessBase"]
[SourceDate "2015.10.08"]
[SourceVersion "1"]
[SourceVersionDate "2015.10.08"]
[SourceQuality "1"]

1. e4 e5 2. Nf3 Nc6 3. Bb5 a6 4. Ba4 d6 5. Bxc6+ bxc6 6. d4 Bg4 7. dxe5 dxe5 8. Qxd8+ Rxd8 9. Nbd2 f6 10. h3 Be6 11. 0-0 Bc5 12. Nb3 Bb6 13. Re1 Ne7 14. Be3 Kf7 15. a4 a5 16. Nc5 Bc8 17. c3 Rd6 18. b4 Rhd8 19. Ra2 Rd1 20. Rae2 Ng6 21. Rxd1 Rxd1+ 22. Re1 Rd8 23. Re2 Nf4 24. Bxf4 exf4 25. Rd2 Rxd2 26. Nxd2 Bxc5 27. bxc5 Be6 28. c4 f5 29. e5 g5 30. Kf1 g4 31. Ke2 f3+ 32. gxf3 gxh3 33. Kf1 f4 34. Kg1 Bf5 35. Nb3 Bc2 36. Nxa5 Bxa4 37. Kh2 Ke6 38. Kxh3 Kxe5 39. Kg4 Kd4 40. Nb7 Bb3 41. Na5 Ba2 42. Nxc6+ Kxc5 43. Ne5 Bxc4 44. Kxf4 Be6 45. Kg5 Kd6 46. Kf6 h5 47. Ng6 c5 48. Kg5 c4 49. Nf4 c3 50. Ne2 c2 51. Kxh5 Bc4 52. Nc1 Ke5 53. Kg4 Kd4 54. Kf4 Bd5 55. Kf5 Kc3 56. Ke5 Kd2 57. Kxd5 Kxc1 58. f4 Kd2 59. f5 c1Q 60. f6 Qc8 0-1